World Cup of Darts 2026 - Statistics

General Stats
  • This quiz has been taken 34 times
  • The average score is 47 of 80
Answer Stats
Country Player % Correct
Scotland (4) Gary Anderson
100%
Netherlands (2) Gian van Veen
100%
Wales (7) Jonny Clayton
100%
England (1) Luke Humphries
100%
England (1) Luke Littler
100%
Netherlands (2) Michael van Gerwen
100%
Northern Ireland (3) Josh Rock
94%
Germany (5) Martin Schindler
94%
Austria (13) Mensur Suljovic
94%
Belgium (6) Mike De Decker
94%
Scotland (4) Cameron Menzies
89%
Australia (11) Damon Heta
89%
Lithuania Darius Labanauskas
89%
Northern Ireland (3) Daryl Gurney
89%
Belgium (6) Dimitri van den Bergh
89%
Portugal Jose de Sousa
89%
Latvia (14) Madars Razma
89%
Germany (5) Ricardo Pietreczko
89%
Rep. of Ireland (8) William O'Connor
89%
Spain Cristo Reyes
83%
Poland (9) Krzysztof Ratajski
83%
India Nitin Kumar
83%
Singapore Paul Lim
83%
Sweden (10) Jeffrey De Graaf
78%
Switzerland Stefan Bellmont
78%
France Thibaut Tricole
78%
Czechia (12) Adam Gawlas
72%
Croatia (15) Boris Krcmar
72%
Czechia (12) Karel Sedlacek
72%
Hong Kong Lok Yin Lee
72%
Rep. of Ireland (8) Mickey Mansell
72%
Japan Motomu Sakai
72%
Austria (13) Rusty-Jake Rodriguez
72%
Poland (9) Sebastian Bialecki
72%
Australia (11) Adam Leek
67%
Norway Cor Dekker
67%
Wales (7) Nick Kenny
67%
Philippines Alexis Toylo
61%
South Africa Devon Petersen
61%
Sweden (10) Oskar Lukasiak
61%
Hungary Patrik Kovacs
61%
USA Adam Sevada
56%
Canada Jim Long
56%
Hong Kong Man Lok Leung
56%
Japan Haruki Muramatsu
50%
New Zealand Jonny Tata
50%
Italy Michele Turetta
50%
Lithuania Mindaugas Barauskas
50%
Slovenia Benjamin Pratnemer
44%
New Zealand Ben Robb
44%
Canada David Cameron
44%
Spain Jose Justicia
44%
Philippines Paolo Nebrida
44%
USA Stowe Buntz
44%
Latvia (14) Valters Melderis
44%
China Xiaochen Zong
44%
Finland (16) Jani Haavisto
39%
Finland (16) Jonas Masalin
39%
Switzerland Marcel Walpen
39%
Hungary Pal Szekely
39%
Croatia (15) Pero Ljubic
39%
Norway Kent Sivertsen
33%
Uganda Patrick Ocheng
33%
Singapore Phuay Wei Tan
33%
Denmark Andreas Toft Jorgensen
28%
India Ankit Goenka
28%
South Africa Graham Filby
28%
Denmark Jonas Graversen
28%
Trinidad & Tobago Joshua Balfour
28%
Uganda Juma Said
28%
Mongolia Ganzorig Lkhagvasuren
22%
Trinidad & Tobago James Walklin
22%
Portugal Luis Camacho
22%
France Nicolas Thullier
22%
China Qingyu Zhan
22%
Italy Riccardo Castelli
22%
Mongolia Altantulkhuur Myagmarsuren
17%
Thailand Sowaris Rodman
17%
Slovenia Stefano Bozicek
17%
Thailand Sarayut Ouamumpa
11%
No matching quizzes found
Score Distribution
Percent of People with Each Score
Percentile by Number Answered
Your Score History
You have not taken this quiz